000
00226nam a2200109 4500
082
_a
671.2GUP
100
_a
Gupta
245
_a
Foundary Engineering
260
_a
India:
_b
Satya Prakash,
_c
1999.
300
_a
562p. ;
942
_c
BK
999
_c
7294
_d
7294